| 000 | 00508nam a22001817a 4500 | ||
|---|---|---|---|
| 999 |
_c31134 _d31132 |
||
| 003 | OSt | ||
| 005 | 20181029111244.0 | ||
| 008 | 181029b ||||| |||| 00| 0 eng d | ||
| 020 | _a0890812896 | ||
| 040 |
_aMMU _cMMU _dMMU _beng |
||
| 050 | 0 | 0 | _aFIC BV 835. L54 1981 |
| 100 | 1 | _aLittauer, Florence, | |
| 245 | 1 | 0 |
_aAfter every wedding comes a marriage / _cFlorence Littauer. |
| 260 |
_aEugene, Or. : _bHarvest House Publishers, _cc1981. |
||
| 300 | _a207 p. ; | ||
| 650 | 0 | _aMarriage | |
| 942 |
_2lcc _cFICTION |
||